000 00710nam a2200205 i 4500
001 129262
003 ES-MaACL
005 20230906193452.0
007 t|
008 070611s1951 sp ||||1| spa d
080 _a312.922:912
100 1 _aTerán, Manuel de.
_9109726
245 1 0 _aHabitat rural
_b: problemas de método y representación cartográfica /
_cManuel de Terán.
260 _aZaragoza :
_bConsejo Superior de Investigaciones Científicas. Instituto de Estudios Pirenaicos,
_c1951.
300 _a47 p. ;
_c24 cm.
650 _aPoblación.
_916139
710 0 0 _aInstituto de Estudios Pirenaicos.
_94922
852 _aES-MaACL
_j1908-F-23
_bR.31144
852 _aES-MaACL
_j1932-F-2
_bR.31577
999 _c129262
_d129262